zpět

Detail výsledku týmu

Cabaret café bar, Olomouc

Datum a čas kvízu

18.5 Celkem bodů Celkový počet nahraných bodů na tomto kvízu bez doplňovacích otázek.
6. Pořadí na kvízu Konečné umístění týmu na tomto kvízu.

Zaznamenané odpovědi

# Otázka Odpověď Body Výsledky
1. Jedno naše město bojuje proti... Brno 0
2. Do boje o Bílý dům se minulý t... Joe Biden 0
3. Hlavní roli v pětadvacátém fil... Rami Malek 1
4. Osm sdílených elektrických kol... Do systému se nabourala skupina hackerů. 0
5. Jak se jmenují dva finalisté f... Slavia Praha, Baník Ostrava 1
6. Na obrázku vidíme jedno z nejs... Frísko 0
7. Jak se jmenuje bývalá nizozems... Beatrix 0
8. Nizozemsko se může pyšnit slav... Hieronymus Bosch 0
9. Nadnárodní společnost, která s... Ahold 0
10. Mezi nejoblíbenější sporty v N... Hendrik Johannes Cruijff (Johan Cruyff) 0